000 00723nam a22002537a 4500
001 BR8902865
003 BR-BrBNA
005 20230928093230.0
007 ta
008 230509b bl.||||| |||| 00| 0 por d
040 _aBR-BrBNA
_bpor
_cBiblioteca Nacional de Agricultura
041 _a(Por)
072 _aM12
_b8520
090 _ 8520 BR8902865
110 1 _aAssociacao Nacional de Ranicultura e dos Ranicultores, Sao Paulo, SP (Brasil)
_9668
245 1 _aAs minhocas; anatomia, comportamento e criacao racionalizada
260 3 _aSao Paulo, SP (Brasil):
_c1984.
300 _a14 p.
650 _aRANICULTURA
650 _aMINHOCA
650 _aCRIACAO
909 _a202309
_bLucia
_c55
_dLucia Elande
942 _cBK
999 _c43770
_d43770